| 000 | 00452nmm a2200157Ia 4500 | ||
|---|---|---|---|
| 008 | 251105s9999||||xx |||||||||||||||||und|| | ||
| 020 | _a9789580612506 | ||
| 041 | _aspa | ||
| 100 | _aMaldonado Villamizar, Jorge | ||
| 245 | 0 | _aLa Conversión de Dios | |
| 264 |
_a[Bogotá, Colombia] : _bOveja Negra, _c2014 |
||
| 300 | _a352 páginas | ||
| 650 | _aLatin American narrative | ||
| 856 | _uhttps://public.digitaliapublishing.com/a/37823 | ||
| 942 | _cCF | ||
| 999 |
_c94909 _d94909 |
||